00521nam a2200157Ia 4500008004000000082001600040100002300056245004100079260004300120300001100163650002600174690001300200906001100213999001700224952012200241210210b1966 xxu||||| |||| 00| 0 eng d a294.55 KRIP aKRISHNA RAO (M V). aPurandara and the haridasa movement. aDharwar.bKarnataka University.,c1966 a2xi,42 aPurandara, Haridasa  aHinduism a034411 c84988d84988 001040708ReligionaALbALcReligiond2021-02-17g6.00l0o294.55 KRIPp034411r2021-02-17 00:00:00w2021-02-17yBK